| 000 | 00517nam a2200181Ia 4500 | ||
|---|---|---|---|
| 008 | 191130s2007##################000#0#eng## | ||
| 020 | _a9781405719513 | ||
| 040 |
_aACL _cACL |
||
| 082 | _a348.4204 WID | ||
| 245 |
_aThe all England law reports 2008 _cedited by Karen Widdcombe |
||
| 260 |
_aLondon _bButterworth & Co _c2007 |
||
| 300 | _a1120 p.; 23 cm. | ||
| 650 | _aLaw- Reports | ||
| 700 | _aWiddicombe, Karen | ||
| 990 | _a0267283fac10000c1d03141ffc3d9dff | ||
| 991 | _a388118 | ||
| 999 |
_c300836 _d300836 |
||